Disney Channel TV Show Locations - Statistics

General Stats
  • This quiz has been taken 71 times
  • The average score is 12 of 21
Answer Stats
Show Where it was set % Correct
American Dragon: Jake Long New York City
95%
The Wizards of Waverly Place New York City
95%
Jessie New York City
95%
Girl Meets World New York City
95%
The Proud Family Los Angeles
88%
Sonny with a Chance Los Angeles
88%
Shake It Up Chicago
74%
Good Luck Charlie Denver
74%
Austin and Ally Miami
70%
That's So Raven San Francisco
60%
A.N.T. Farm San Francisco
60%
Cory in the House Washington, D.C
60%
K.C. Undercover Washington, D.C
60%
The Suite Life of Zack and Cody Boston
47%
Hannah Montana Malibu
47%
Liv and Maddie Stevens Point
32%
Phineas and Ferb Danville
30%
Gravity Falls Gravity Falls
28%
Dog with a Blog Pasadena
21%
Kim Possible Middleton
14%
Even Stevens Sacramento
12%
No matching quizzes found
Score Distribution
Percent of People with Each Score
Percentile by Number Answered
Your Score History
You have not taken this quiz